01056 2200373 4500001002100000005001500021035002500036008004100061020002200102040001700124082001200141084001400153100001900167245010400186250001100290260003600301300002900337650004500366850001200411007000300423090001800426090002100444041001300465504003300478999002100511990002100532990001800553990001800571990001800589990002100607990001800628990001800646990001800664INLIS00000000001768020200619105308 a0010-021600000000768160218s2015 yoi g ind d a978-602-262-441-7 aYOPDYOGbind04223a428 a428 AHM e0 aAhmad Sunandar 0aEnglish for medical centres :bcomplete with 400 idioms and 100 mames of diseases /cAhmad Sunandar aCet. 13 aYogyakarta :bGraha Ilmu,c2015 aix, 134 halaman ;c23 cm 4aBahasa Inggris--xPercakapan (kesehatan) aYOPDYOGta aDEP 428 AHM e aCB-D.11 2015-6180 aindgend aBibliografi: halaman 115-116 aCB-D.11/2015-618 aCB-D.11/2015-618 a26830-PD/B.15 a26831-PD/B.15 a26832-PD/B.15 aCB-D.11/2015-618 a26830-PD/B.15 a26831-PD/B.15 a26832-PD/B.15